Japanese banking, securities, and anti-monopoly law

Đã lưu trong:
Sonraí Bibleagrafaíochta
Príomhúdar: Hiroshi, Oda
Formáid: Leabhar
Teanga:Undetermined
Foilsithe: London Butterworths 1988
Ábhair:
Clibeanna: Cuir Clib Leis
Gan Chlibeanna, Bí ar an gcéad duine leis an taifead seo a chlibeáil!
Thư viện lưu trữ: Trung tâm Học liệu Trường Đại học Cần Thơ
LEADER 00501nam a2200181Ia 4500
001 CTU_79487
008 210402s9999 xx 000 0 und d
082 |a 346.52 
082 |b O.22 
100 |a Hiroshi, Oda 
245 0 |a Japanese banking, securities, and anti-monopoly law 
245 0 |c Hiroshi Oda 
260 |a London 
260 |b Butterworths 
260 |c 1988 
650 |a Antitrust law,Banking law,Securities 
650 |z Japan 
980 |a Trung tâm Học liệu Trường Đại học Cần Thơ